| 000 | 00319cam a22001217a 4500 | ||
|---|---|---|---|
| 008 | 180718b1955 xxu||||| |||| 00| 0 eng d | ||
| 082 | _aPx42 D434 | ||
| 100 | _aDent, H.C. | ||
| 245 |
_aBritish education _cby H.C. Dent |
||
| 260 |
_aLondon _bLongmans, Green _c1955 |
||
| 300 | _a56p. | ||
| 650 | _aEducation --Great Britain | ||
| 999 |
_c430291 _d430291 |
||